|
|
|
|
| LEADER |
00759cam a2200217 7i4500 |
| 001 |
0000006614 |
| 005 |
20170218090000.0 |
| 020 |
|
|
|a 1861524900 (pbk.)
|
| 020 |
|
|
|a 9781861524904
|
| 090 |
0 |
0 |
|a HF5657.4
|b .K68 1999
|
| 100 |
1 |
|
|a Kotas, Richard
|
| 245 |
1 |
0 |
|a Management accounting for hospitality and tourism
|c Richard Kotas.
|
| 250 |
|
|
|a 3rd ed.
|
| 260 |
|
|
|a Australia:
|b Thomson Learning,
|c 1999.
|
| 300 |
|
|
|a viii, 329 p.:
|b ill.;
|c 25 cm.
|
| 490 |
0 |
|
|a Tourism and hospitality management series
|
| 500 |
|
|
|a Includes index
|
| 650 |
0 |
0 |
|a Hospitality industry --
|x Accounting --
|z Great Britain
|
| 650 |
0 |
0 |
|a Tourism --
|x Accounting --
|z Great Britain
|
| 997 |
|
|
|a Business & Accountancy, Faculty
|
| 999 |
|
|
|a 0000002977
|b BOK
|c OPEN SHELF
|e 1st Floor, Shah Alam
|